MDQL
is popping MORE tags! Check the
thread
!
Quizzes
Events
Quiz Creation
Community
Videos
Private Events
Remove Ads
Sign In
Join for FREE
Feedback
Dark Mode
Quiz Categories
Sports
Geography
Music
Movies
Television
Just For Fun
Miscellaneous
History
Literature
Language
Science
Gaming
Entertainment
Religion
Holiday
For Kids
Quiz Lab
Recent
Popular Today
Quiz Kudos Today
Editor Picks
Curator Picks
Quizzes by...
Day
Popularity
Type
Ratings
Length
Year
Community
Subscriptions
Recent Discussions
Orange Saloon
Badges
Playlists
Quests
Create
Leaderboards
Showdown
Live 5
Trivia Bingo
Activity
Puzzle Library
Sporcle Events
Private Events
Virtual Trivia
Globe League
Become a Host
Pub Owners
SporcleCon
Opinionation
Our Games
Videos
Blog
Mobile Apps
Partnerships
Remove Ads and Go Orange
Feedback
Television
TV Characters
TV Show
Sitcom
Network
Friends
Reality Shows
Cast
South Park
Star Trek
The Simpsons
Doctor Who
Television
TV Characters
TV Show
Sitcom
Network
Friends
Reality Shows
Cast
South Park
Star Trek
The Simpsons
Doctor Who
Random Quiz
Search Sporcle
×
Quiz Lab
Quiz Lab
Television
Doctor Who
Type in answers that appear in a list
Type in answers that appear in a list
Classic
Best Score? Go Orange.
3 Word Doctor Who Stats
Can you name every Doctor Who story with three words in the title?
By
buzzpop7
15m
111 Questions
316 Plays
316 Plays
316 Plays
Comments
Comments
Give Quiz Kudos
Give Quiz Kudos
-
- Ratings
hide this ad
Replay
Link that replays current quiz
Next Quiz
Link to next quiz in quiz playlist
You Got
0%
They Got
Avg Score
83%
Avg Friend Score
Upgrade to see
Score Distribution
Jump to the score distribution portion of the page
Score
0/111
Timer
15:00
0
Plays Today
Doctor
Episode
% Correct
Christopher Eccleston
World War Three
97.5%
David Tennant
The Christmas Invasion
97.5%
David Tennant
Smith And Jones
97.1%
Christopher Eccleston
Aliens Of London
96.8%
Christopher Eccleston
The Empty Child
96.8%
Christopher Eccleston
The Doctor Dances
96.8%
David Tennant
Tooth And Claw
96.8%
Christopher Eccleston
The Unquiet Dead
96.5%
Christopher Eccleston
The Long Game
95.9%
Matt Smith
The Eleventh Hour
95.9%
David Tennant
Army Of Ghosts
95.6%
David Tennant
Partners In Crime
95.6%
David Tennant
Love And Monsters
95.2%
David Tennant
The Next Doctor
94.9%
Matt Smith
The Pandorica Opens
94.9%
David Tennant
The Shakespeare Code
94.6%
Matt Smith
The Beast Below
94.6%
David Tennant
The Impossible Planet
94.3%
David Tennant
The Stolen Earth
94.3%
David Tennant
The Runaway Bride
94%
David Tennant
The Lazarus Experiment
94%
David Tennant
The Sontaran Stratagem
94%
David Tennant
The Poison Sky
94%
Matt Smith
The Big Bang
94%
Matt Smith
A Christmas Carol
94%
Matt Smith
The Impossible Astronaut
94%
David Tennant
The Idiot's Lantern
93.7%
David Tennant
The Satan Pit
93.7%
David Tennant
The Doctor's Daughter
93.3%
Matt Smith
The Hungry Earth
93.3%
Matt Smith
The Rebel Flesh
93.3%
Matt Smith
Let's Kill Hitler
93.3%
Peter Capaldi
Before The Flood
93.3%
Matt Smith
Flesh And Stone
93%
Peter Capaldi
Under The Lake
93%
Matt Smith
The Almost People
92.4%
Peter Capaldi
Death In Heaven
92.4%
Doctor
Episode
% Correct
Peter Capaldi
Sleep No More
92.4%
Peter Capaldi
Face The Raven
92.4%
Peter Capaldi
Into The Dalek
92.1%
Peter Capaldi
The Magician's Apprentice
92.1%
Peter Capaldi
The Doctor Falls
92.1%
David Tennant
Daleks In Manhattan
91.7%
Matt Smith
The Doctor's Wife
91.7%
Peter Capaldi
The Zygon Invasion
91.7%
Peter Capaldi
The Witch's Familiar
91.4%
Peter Capaldi
Robot Of Sherwood
91.1%
Peter Capaldi
The Zygon Inversion
91.1%
Jodie Whittaker
The Ghost Monument
91.1%
Matt Smith
Nightmare In Silver
90.5%
William Hartnell
An Unearthly Child
89.5%
Matt Smith
The God Complex
89.2%
Peter Capaldi
Empress Of Mars
88.3%
Peter Capaldi
Kill The Moon
87.9%
William Hartnell
The Tenth Planet
87.6%
Matt Smith
The Crimson Horror
87.3%
Jodie Whittaker
The Timeless Children
86.5%
Jodie Whittaker
The Tsuranga Conundrum
85.7%
Peter Davison
The Five Doctors
85.4%
Jon Pertwee
The Three Doctors
84.8%
Colin Baker
The Two Doctors
84.4%
Tom Baker
The Sontaran Experiment
83.5%
Jon Pertwee
Spearhead From Space
83.2%
Jon Pertwee
The Green Death
83.2%
Jon Pertwee
The Time Warrior
83.2%
Colin Baker
The Twin Dilemma
83.2%
Sylvester McCoy
The Happiness Patrol
82.9%
Colin Baker
Vengeance On Varos
82.2%
Jon Pertwee
Frontier In Space
81.9%
Patrick Troughton
The Underwater Menace
81.6%
Jodie Whittaker
Once, Upon Time
81.4%
William Hartnell
The Celestial Toymaker
81.3%
Tom Baker
Pyramids Of Mars
81%
Colin Baker
The Ultimate Foe
81%
Doctor
Episode
% Correct
Jon Pertwee
The Sea Devils
80.6%
Tom Baker
City Of Death
80.3%
Patrick Troughton
The Abominable Snowmen
79.7%
Patrick Troughton
The War Games
79.7%
William Hartnell
The War Machines
79%
Tom Baker
State Of Decay
78.7%
Peter Davison
Planet Of Fire
78.7%
Jodie Whittaker
The Halloween Apocalypse
78.6%
Patrick Troughton
The Ice Warriors
78.4%
Jon Pertwee
The Time Monster
78.4%
William Hartnell
Planet Of Giants
78.1%
Patrick Troughton
The Macra Terror
78.1%
Tom Baker
The Deadly Assassin
78.1%
Peter Davison
Arc Of Infinity
78.1%
Colin Baker
The Mysterious Planet
77.8%
David Tennant
The Star Beast
77.8%
David Tennant
Wild Blue Yonder
77.8%
William Hartnell
The Web Planet
77.1%
Jon Pertwee
Carnival Of Monsters
76.8%
Tom Baker
The Invisible Enemy
76.8%
Tom Baker
The Ribos Operation
76.5%
Peter Davison
Four To Doomsday
76.5%
Tom Baker
Nightmare Of Eden
74.9%
Patrick Troughton
The Faceless Ones
74.6%
Tom Baker
The Armageddon Factor
74.6%
Jon Pertwee
Colony In Space
74.3%
Tom Baker
Planet Of Evil
74.3%
Tom Baker
The Android Invasion
74%
William Hartnell
The Time Meddler
73.7%
Patrick Troughton
The Mind Robber
73.7%
Tom Baker
The Pirate Planet
73.7%
Patrick Troughton
The Space Pirates
73.3%
Tom Baker
The Sun Makers
73.3%
William Hartnell
The Space Museum
72.4%
Tom Baker
The Leisure Hive
72.4%
Peter Davison
The King's Demons
71.4%
William Hartnell
The Myth Makers
71.1%
Quiz Playlist
Details
Report
Send in Message
Add To Playlist
Classic:
Type in answers that appear in a list
Last Updated: Nov 27, 2019
Quiz Scoreboard
CHALLENGE
Sign Up to Join the Scoreboard
Show All
Scores
Hide
Comments
May contain spoilers
Recently Published
Image Sorting: Flags VI
by Barbecue
Geography
2m
Find the 'City' Movie
by crazypaving
Movies
60s
Colored Red Africa Blitz
by spor1
Geography
45s
More to Explore
Quiz From the Vault
Featured Blog Post
14 Easter Pick-up Lines to Find Eggs With
hide this ad
You Might Also Like...
Tags
Doctor Who Quiz
3-word
bbc
doctor
Doctor Who Episodes
episode
sci-fi
Sci-fi Television
Story
Today's Top Quizzes in Television
Browse Television
hide this ad
Today's Top Quizzes in Doctor Who
Browse Doctor Who
Top Contributed Quizzes in Television
1
Survivor Journey Challenge
2
Brooklyn Nine Nine Logic Puzzle (How-To-Play)
3
Adjectives in 00s TV Shows
4
Total Drama Characters
5
Survivor Logic Puzzle: Heroes vs. Villains
6
Phoebe Buffay Quotes
7
Survivor Heroes vs. Villains Logic Puzzle
8
Survivor Trivia
9
Emmerdale Characters (from August 2012)
10
Adjectives in 10s TV Shows
Explore More
Trending Topics
Marvel
NBA
Harry Potter
Anime
Kpop
Crossword
Disney
WWE
Pokémon
Song
The Office
Soccer
Puzzle
Country
NFL
hide this ad
More By:
buzzpop7
Quiz
Plays
Rating
Category
Featured
Created
Marvel Movie Villains
97,740
4.37
Movies
Jan 8, 2017
Infinity War Poster
8,397
4.29
Movies
Mar 16, 2018
MCU Villains Picture Click
8,291
3.38
Movies
Apr 29, 2018
MCU HEROES CROSSWORD
6,947
4.77
Movies
Apr 28, 2019
MCU Clickable
5,848
3.76
Entertainment
May 7, 2018
Go to Creator's Profile
Score Distribution
Quiz Creator Spotlight
buzzpop7
Follow
Send a Message
Quizzes Created
-
Created Quiz Play Count
-
More By This Creator
Popular Quizzes Today
1
Colored Red Africa Blitz
2
Find the US States - No Outlines Minefield
3
Find the 'City' Movie
4
5x2 Blitz: Bands
5
The Countries of the World
6
Find the US States
7
Find the Countries of Europe - No Outlines Minefield
8
US States
More Television Quizzes
100 Shows, 100 Halloween Episodes
Editor's Pick
Trending Quizzes
Colored Red Europe Blitz I
Colored Red Africa Blitz II
Colored Red Europe Blitz II
Colored Red Africa Blitz III
Colored Red Europe Blitz III
Recently Updated
How Do You Spell That?
pecheneg
Godzilla Movies
pecheneg
Grab Bag: 4-10 Letters
pecheneg
2024 March Madness Bracket
pecheneg
Famous TV Couples
Peacemaker
Champions League XIs: Real Madrid
pecheneg
Largest US Cities 1790-2010
pecheneg
Rides in Walt Disney World
pecheneg
Most Oscar Losses (Acting)
pecheneg
Beyoncé Albums
pecheneg
Trending Topics
NBA
Disney
Marvel
Anime
Harry Potter
Crossword
Kpop
Song
Soccer
Pokémon
NFL
WWE
Puzzle
The Office
Country
Your Account Isn't Verified!
In order to create a playlist on Sporcle, you need to verify the email address you used during registration. Go to your
Sporcle Settings
to finish the process.
Report this User
Report this user for behavior that violates our
Community Guidelines
.
Details:
Send Report
Go to the Sporcle.com Mobile Site →
Comments